Drug therapy and substance-related disorders

Bibliographic Details
Main Author: Libal, Joyce
Format: Book
Published: Philedelphia : Mason Crest Publishers , 2004
Series:Psychiatric disorders:drugs and psychology for the mind and body
Subjects:

MARC

LEADER 00000cam a2200000 7i4500
001 0000018274
005 20080604.0
008 080604
020 |a 1590845773 
090 0 0 |a 616.86061   |b LIB 
100 1 |a Libal, Joyce 
245 1 0 |a Drug therapy and substance-related disorders   |c Joyce Libal 
260 |a Philedelphia :   |b Mason Crest Publishers ,   |c 2004 
440 |a Psychiatric disorders:drugs and psychology for the mind and body 
650 0 |a Alcoholism   |x Treatment 
650 0 |a Drug abuse   |x Treatment 
650 0 |a Substance abuse   |x Chemotheraphy   |x Juvenile literature 
999 |a 0001015724   |b Book   |c Adult Collection   |e Cawangan Urban Transformation Centre 
999 |a 0001015725   |b Book   |c Adult Collection   |e Cawangan Sri Merlong